Score 0/21 Timer 04:00
1 Play Today
Hint Missing Word % Correct
As Good As _____ GetsIt
97.9%
_____ Flew Over the Cuckoo's NestOne
96.8%
A _____ Good MenFew
96.7%
How Do _____ KnowYou
94.8%
The _____ Shop of Horrors Little
94.2%
_____ Attacks!Mars
87%
Broadcast _____News
80.3%
The Witches of _____Eastwick
78.4%
Easy _____Rider
75.2%
The _____ ListBucket
73.8%
_____ SchmidtAbout
70.3%
Hint Missing Word % Correct
_____ SouthGoin'
66.3%
Carnal _____Knowledge
66.1%
Prizzi's _____Honor
63.5%
The _____Shining
42.9%
The _____Departed
41.4%
Blood and _____Wine
33.1%
The Two _____Jakes
31.5%
The _____ GuardCrossing
25.7%
The Last _____Tycoon
6.8%
_____-OutPsych
6.4%

Today's Daily Dose

Remove Ads.
Support Sporcle.
Get the best of Sporcle when you Go Orange. This ad-free experience offers more features, more stats, and more fun while also helping to support Sporcle. Thank you for becoming a member.

You're not logged in!

Compare scores with friends on all Sporcle quizzes.
OR
Log In

Show Comments

Extras

Top Quizzes Today


Score Distribution

Your Account Isn't Verified!

In order to create a playlist on Sporcle, you need to verify the email address you used during registration. Go to your Sporcle Settings to finish the process.

Report this User

Report this user for behavior that violates our Community Guidelines.

Details: